<The> Professional-Managerial Class Contemporary British Management in the Pursuer Mode

Gespeichert in:
Bibliographische Detailangaben
Weitere Verfasser: Glover, Ian, Hughes, Michael
Format: Buch
Sprache:Englisch
Veröffentlicht: Aldershot Avebury 1996
Ausgabe:1. ed.
Schriftenreihe:Stirling Management Series
Schlagworte:
Tags: Tag hinzufügen
Keine Tags, Fügen Sie das erste Tag hinzu!

MARC

LEADER 00000nam a2200000 4500
001 c021743
005 20221214072729.9
020 |a 1-85972-027-7 
041 0 |a eng 
044 |a GB 
245 1 0 |a <The> Professional-Managerial Class  |b Contemporary British Management in the Pursuer Mode  |c Edit. Ian Glover, Michael Hughes 
250 |a 1. ed. 
264 1 |a Aldershot  |b Avebury  |c 1996 
300 |a 320 s. 
490 1 |a Stirling Management Series 
830 0 |a Stirling Management Series 
610 2 0 |a manažéri 
610 2 0 |a manažment 
610 2 0 |a profesiografia 
610 2 0 |a experti 
610 2 0 |a pracovníci kvalifikovaní 
610 2 0 |a pracovníci riadiaci 
610 2 0 |a pracovníci vedúci 
610 2 0 |a dozor 
610 2 0 |a organizácia 
610 2 0 |a riadenie 
610 2 0 |a aktivita pracovná 
610 2 0 |a projekty 
610 2 0 |a zamestnanci 
610 2 0 |a triedy kvalifikačné 
610 2 0 |a Veľká Británia 
700 1 |a Glover, Ian 
700 1 |a Hughes, Michael